Kvalita, cena a ich vnímanie

Kvalitatívne parametre výrobku (služby) a ceny ako dvoch veličín, ktoré sú pre zákazníka rozhodujúce. Stupne kvality v závislosti na cene z pohľadu zákazníka a z pohľadu predávajúceho. Požiadavky na kvalitu produktu a rozpor v cene. Definícia pojmu "Pery kvality".

Na minha lista:
Detalhes bibliográficos
Autor principal: Burieta, Ján
Formato: Capítulo de Livro
Idioma:eslovaco
Assuntos:
Tags: Adicionar Tag
Sem tags, seja o primeiro a adicionar uma tag!

MARC

LEADER 00000naa$a2200000$$$4500
001 0117055
005 20231012070355.3
041 0 |a slo 
044 |a SK 
245 1 0 |a Kvalita, cena a ich vnímanie  |c Ján Burieta 
520 |a Kvalitatívne parametre výrobku (služby) a ceny ako dvoch veličín, ktoré sú pre zákazníka rozhodujúce. Stupne kvality v závislosti na cene z pohľadu zákazníka a z pohľadu predávajúceho. Požiadavky na kvalitu produktu a rozpor v cene. Definícia pojmu "Pery kvality". 
610 2 0 |a kvalita 
610 2 0 |a kvalita výrobkov 
610 2 0 |a kvalita tovaru 
610 2 0 |a normy kvality 
610 2 0 |a stupne kvality 
610 2 0 |a ceny 
610 2 0 |a ceny spotrebiteľské 
610 2 0 |a ceny obchodné 
610 2 0 |a zákazníci 
610 2 0 |a výrobcovia 
100 1 |a Burieta, Ján